000 00328nam a2200121Ia 4500
008 191201s2015 xx 000 0 und d
100 _aBINDRA, S.P
245 0 _aElements of Bridge Tunnel and Railway Engineering
260 _aN. Delhi
_bDhanpat Rai Pub (P) Ltd
_c2015
300 _amisc
650 _aB.Tech(CE)
942 _2ddc
_cBK
999 _c6169
_d6169